Catalog

Record Details

Catalog Search



Available copies

  • 1 of 1 copy available at LARL/NWRL Consortium.

Current holds

0 current holds with 1 total copy.

Show Only Available Copies
Location Call Number / Copy Notes Barcode Shelving Location Status Due Date
Warroad Public Library C HIC (Text) 35500004155097 Main Available -

Record details

  • ISBN: 0446692336
  • Physical Description: 322 p. ; 21 cm.
  • Publisher: New York : Warner Faith, 2004.
Subject: Bankers > Fiction.
Clergy > Fiction.
Landowners > Fiction.
Genre: Christian fiction.
LDR 01012cam a22003018a 4500
00141880
003LARL_NWRL_CONSORTIUM
00520040107111950.0
008040106s2004 nyu 000 1 eng
020 . ‡a0446692336
035 . ‡a(OCoLC)54001326
03500. ‡ilcmarc/BCG-5908/NWRLTECH
08200. ‡a813/.54 ‡222
099 . ‡aHIC
1001 . ‡aHickman, Patricia. ‡0(LARL_NWRL_CONSORTIUM)115781
24510. ‡aNazareth's song ‡n#2/ ‡cPatricia Hickman.
260 . ‡aNew York : ‡bWarner Faith, ‡c2004.
300 . ‡a322 p. ; ‡c21 cm.
4900 . ‡aMillwood Hollow ; ‡v2
650 0. ‡aBankers ‡vFiction. ‡0(LARL_NWRL_CONSORTIUM)163635
650 0. ‡aClergy ‡vFiction. ‡0(LARL_NWRL_CONSORTIUM)16972
650 0. ‡aLandowners ‡vFiction. ‡0(LARL_NWRL_CONSORTIUM)165877
655 7. ‡aChristian fiction. ‡2gsafd
901 . ‡a41880 ‡bOCLC ‡c41880 ‡tbiblio

Additional Resources